El Adolescente en conflicto: salud Integral
Sparad:
| Huvudupphovsmän: | , |
|---|---|
| Materialtyp: | Bok |
| Språk: | spanska |
| Publicerad: |
Santiago
Andrés Bello
1996
|
| Upplaga: | 1a. ed |
| Ämnen: | |
| Taggar: |
Lägg till en tagg
Inga taggar, Lägg till första taggen!
|
MARC
| LEADER | 00000nam a2200000 a 4500 | ||
|---|---|---|---|
| 001 | UCH6796 | ||
| 003 | CL-VaPUC | ||
| 008 | 091109e19960000CL |||||||||||||||||spa|d | ||
| 020 | |a 9561314339 | ||
| 082 | 0 | 4 | |a 616.0083 |b PEL |2 21 |
| 100 | 0 | |a Peláez Gómez, Paula |e author |9 543399 | |
| 700 | 0 | |a Luengo Charath, Ximena |e author |9 543400 | |
| 245 | 1 | 3 | |a El Adolescente en conflicto: salud Integral |
| 250 | |a 1a. ed | ||
| 300 | |a 81 p | ||
| 942 | |c BK | ||
| 945 | |d 20091109 00:00:00 |a ccalabra | ||
| 260 | |a Santiago |b Andrés Bello |c 1996 | ||
| 650 | 0 | |a Psicología del adolescente |9 307864 | |
| 650 | 0 | |a Psicología del desarrollo |9 307541 | |
| 650 | 0 | |a Medicina preventiva |9 271222 | |
| 650 | 7 | |a SALUD E HIGIENE |2 CL-VaPUC |9 307452 | |
| 650 | 0 | |a Terapia ocupacional |9 338415 | |
| 583 | |a last modification |c 20091109 00:00:00 |k Rodrigo Vera | ||
| 999 | |c 337620 |d 337618 | ||